Psychology and work : (Record no. 5448)

MARC details
000 -LEADER
fixed length control field 03196cam a22004338i 4500
001 - CONTROL NUMBER
control field 21866359
003 - CONTROL NUMBER IDENTIFIER
control field OSt
005 - DATE AND TIME OF LATEST TRANSACTION
control field 20260122102442.0
008 - FIXED-LENGTH DATA ELEMENTS--GENERAL INFORMATION
fixed length control field 210111s2021 nyu b 001 0 eng
010 ## - LIBRARY OF CONGRESS CONTROL NUMBER
LC control number 2020057001
020 ## - INTERNATIONAL STANDARD BOOK NUMBER
International Standard Book Number 9780367151270
Qualifying information (hbk)
020 ## - INTERNATIONAL STANDARD BOOK NUMBER
International Standard Book Number 9780367151287
Qualifying information (pbk)
020 ## - INTERNATIONAL STANDARD BOOK NUMBER
Canceled/invalid ISBN 9780429055843
Qualifying information (ebk)
035 ## - SYSTEM CONTROL NUMBER
System control number 21866359
040 ## - CATALOGING SOURCE
Language of cataloging eng
Transcribing agency Foundation University
Description conventions rda
042 ## - AUTHENTICATION CODE
Authentication code pcc
050 00 - LIBRARY OF CONGRESS CALL NUMBER
Classification number HF 5548.8
Item number .2021 T78
100 1# - MAIN ENTRY--PERSONAL NAME
Personal name Truxillo, Donald M.,
Relator term author.
9 (RLIN) 14235
245 10 - TITLE STATEMENT
Title Psychology and work :
Remainder of title an introduction to industrial and organizational psychology /
Statement of responsibility, etc. Donald M. Truxillo, Tayla N. Bauer, Berrin Erdogan.
250 ## - EDITION STATEMENT
Edition statement 2nd edition.
263 ## - PROJECTED PUBLICATION DATE
Projected publication date 2106
264 #1 - PRODUCTION, PUBLICATION, DISTRIBUTION, MANUFACTURE, AND COPYRIGHT NOTICE
Place of production, publication, distribution, manufacture New York, NY :
Name of producer, publisher, distributor, manufacturer Routledge,
Date of production, publication, distribution, manufacture, copy right date 2021.
Copyright Date 2021.
300 ## - PHYSICAL DESCRIPTION
Materials specified resource
Extent xvi, 607 pages :
Other physical details color illustrations ;
Dimensions 25 cm.
Type of unit volume
336 ## - CONTENT TYPE
Content type term text
Content type code txt
Source rdacontent
337 ## - MEDIA TYPE
Media type term unmediated
Media type code n
Source rdamedia
338 ## - CARRIER TYPE
Carrier type term volume
Carrier type code nc
Source rdacarrier
Materials specified resource
504 ## - BIBLIOGRAPHY, ETC. NOTE
Bibliography, etc. note Includes bibliographical references and index.
520 ## - ABSTRACT, SUMMARY, ETC.
Abstract, Summary, etc. "Psychology and Work is a new edition of the award-winning textbook written for introductory Industrial and Organizational (I-O) Psychology classes. This book makes the core topics of I-O Psychology clear, relevant, and accessible to students through its dynamic design. The real-world examples from the perspectives of employees and employers highlight how I-O Psychology is applied to today's workplace. Psychology and Work, Second Edition covers the core areas of I-O Psychology including an overview of the field and its history. The topics covered include up-to-date research methods and statistics; job analysis and criterion measurement; performance appraisal; personnel selection; training and development; work motivation; leadership; job attitudes and emotions, occupational health psychology, safety, and stress; teams; and organizational structure, culture, and change. Throughout the text, an emphasis is placed on essential issues for today's workplace such as diversity and inclusion, the evolving role of big data and analytics, legal issues, and the changing nature of work. Written by dedicated I-O professors with expertise in I-O Psychology and teaching this course, the book and supporting materials provide a range of high-quality pedagogical materials, including interactive features, quizzes, PowerPoint slides, numerous case studies, recommended videos, and an expanded, high-quality test bank"--
Assigning source Provided by publisher.
650 #0 - SUBJECT ADDED ENTRY--TOPICAL TERM
Topical term or geographic name entry element Psychology, Industrial.
9 (RLIN) 7048
650 #0 - SUBJECT ADDED ENTRY--TOPICAL TERM
Topical term or geographic name entry element Organizational behavior.
9 (RLIN) 6835
650 #0 - SUBJECT ADDED ENTRY--TOPICAL TERM
Topical term or geographic name entry element Organizational sociology.
9 (RLIN) 14236
650 #0 - SUBJECT ADDED ENTRY--TOPICAL TERM
Topical term or geographic name entry element Work
General subdivision Psychological aspects.
658 ## - INDEX TERM--CURRICULUM OBJECTIVE
Main curriculum objective Psychology, Bachelor of Science in.
700 1# - ADDED ENTRY--PERSONAL NAME
Personal name Bauer, Talya,
Relator term author.
9 (RLIN) 14237
700 1# - ADDED ENTRY--PERSONAL NAME
Personal name Erdogan, Berrin,
Relator term author.
9 (RLIN) 14238
776 08 - ADDITIONAL PHYSICAL FORM ENTRY
Relationship information Online version:
Main entry heading Truxillo, Donald M.
Title Psychology and work
Place, publisher, and date of publication New York : Routledge, 2021.
International Standard Book Number 9780429055843
Record control number (DLC) 2020057002
856 ## - ELECTRONIC LOCATION AND ACCESS
Uniform Resource Identifier <a href="https://drive.google.com/file/d/1pfxMuPZX6XsGqlSn2wExrDqmlV06sWbF/view?usp=sharing">https://drive.google.com/file/d/1pfxMuPZX6XsGqlSn2wExrDqmlV06sWbF/view?usp=sharing</a>
Link text Click here to view the table of content
942 ## - ADDED ENTRY ELEMENTS (KOHA)
Source of classification or shelving scheme Library of Congress Classification
Koha item type Books
Edition 2nd edition.
Classification part HF 5548.8
Item part .2021 T78
Call number prefix (CAS-Psy.)
Holdings
Uniform Resource Identifier Withdrawn status Lost status Source of classification or shelving scheme Damaged status Not for loan Collection code Home library Current library Shelving location Date acquired Source of acquisition Total Checkouts Total Renewals Full call number Barcode Date last seen Date last checked out Price effective from Koha item type Accession Number
https://drive.google.com/file/d/1pfxMuPZX6XsGqlSn2wExrDqmlV06sWbF/view?usp=sharing     Library of Congress Classification     Non-fiction Foundation University Library Foundation University Library CoArts & Sciences 01/22/2026 QT 1 1 (CAS-Psy.) HF 5548.8 .2021 T78 0072026017007 04/10/2026 04/10/2026 01/22/2026 Books CAS-Psy.-2026007